000 00386nam a22001457a 4500
005 20200607122045.0
008 200607b xxu||||| |||| 00| 0 eng d
082 _a345.4
110 _aALL INDIA REPORTER
_95831
245 _aALL INDIA REPORTER , 1968 (V-55) PUNJAB - HARYANA SECTION
260 _bALL INDIA REPORTER PVT LTD,
300 _a72;p
650 _aLAW
_95701
942 _cJRL
999 _c6899
_d6897